|
|
|
|
| LEADER |
00000nam0a2200000 4500 |
| 001 |
128798 |
| 005 |
20231101220133.0 |
| 010 |
|
|
|a 536800303X
|
| 020 |
|
|
|a RU
|b 91-22501
|
| 035 |
|
|
|a (RuTPU)RU\TPU\book\139389
|
| 090 |
|
|
|a 128798
|
| 100 |
|
|
|a 20080114d1991 c y0rusy5003 ca
|
| 101 |
1 |
|
|a rus
|c rum
|
| 102 |
|
|
|a MD
|
| 105 |
|
|
|a a z 000ay
|
| 200 |
1 |
|
|a Гугуцэ и его друзья
|e Рассказы, миниатюры, сказки, баллады
|e пер. с рум.
|f С. С. Вангели
|g худож. Л. Саинчук
|
| 210 |
|
|
|a Кишинев
|c Hyperion
|d 1991
|
| 215 |
|
|
|a 361,[6] с.
|c цв. ил.
|
| 606 |
1 |
|
|a Молдавская литература
|2 stltpush
|3 (RuTPU)RU\TPU\subj\44262
|9 63626
|
| 610 |
1 |
|
|a художественная литература
|
| 610 |
1 |
|
|a рассказы
|
| 610 |
1 |
|
|a сказки
|
| 675 |
|
|
|a 859.2
|v 3
|
| 700 |
|
1 |
|a Вангели
|b С. С.
|g Спиридон Степанович
|4 070
|
| 702 |
|
1 |
|a Саинчук
|b Л.
|4 440
|
| 801 |
|
0 |
|a RU
|b RuMRKP
|c 19950417
|g psbo
|
| 801 |
|
1 |
|a RU
|b 63413507
|c 20080114
|g PSBO
|
| 801 |
|
2 |
|a RU
|b 63413507
|c 20221003
|g PSBO
|
| 942 |
|
|
|c BK
|